| 000 | 00863nam a22002651 4500 | ||
|---|---|---|---|
| 001 | 11518 | ||
| 003 | BD-RjUL | ||
| 005 | 20211208235135.0 | ||
| 008 | 140127r19661964dk ab b 000 0 eng d | ||
| 035 | _a(BD-RjUL)11567 | ||
| 040 |
_aDLC/ICU _cICU _dDLC _dBD-RjUL _beng |
||
| 041 | _aeng | ||
| 082 | 0 | 0 |
_a561.13 _bFAT 1966 |
| 100 | 1 |
_aFaegri, Knut. _935632 |
|
| 245 | 1 | 0 |
_aTextbook of pollen analysis / _c Knut Fægri [and] Johs. Iversen. With a chapter on Pre-Quaternary pollen analysis, by H.T. Waterbolk. |
| 250 | _a2d rev. ed. | ||
| 260 |
_aCopenhagen : _b Munksgaard, _cc1964 [printed 1966] |
||
| 300 |
_a237 p. _billus., maps. _c24 cm. |
||
| 504 | _aBibliography: p. [203]-217. | ||
| 650 | 0 |
_aPalynology. _935633 |
|
| 700 | 1 |
_aIversen, Johannes, _d1904- _ejoint author. _935634 |
|
| 942 |
_2ddc _cBK |
||
| 999 |
_c11518 _d11518 |
||